全日本フィギュアスケート選手権 男子シングル 歴代王者 - Statistics

General Stats
  • This quiz has been taken 22 times
  • The average score is 16 of 27
Answer Stats
名前 % Correct
12/13 羽生結弦
95%
13/14 羽生結弦
95%
14/15 羽生結弦
95%
15/16 羽生結弦
95%
20/21 羽生結弦
95%
21/22 羽生結弦
95%
16/17 宇野昌磨
80%
17/18 宇野昌磨
80%
18/19 宇野昌磨
80%
19/20 宇野昌磨
80%
22/23 宇野昌磨
80%
23/24 宇野昌磨
80%
08/09 織田信成
75%
05/06 髙橋大輔
60%
06/07 髙橋大輔
60%
07/08 髙橋大輔
60%
09/10 髙橋大輔
60%
11/12 髙橋大輔
60%
24/25 鍵山優真
55%
25/26 鍵山優真
55%
10/11 小塚崇彦
25%
99/00 本田武史
15%
00/01 本田武史
15%
02/03 本田武史
15%
04/05 本田武史
15%
03/04 田村岳斗
5%
01/02 竹内洋輔
0%
No matching quizzes found
Score Distribution
Percent of People with Each Score
Percentile by Number Answered
Your Score History
You have not taken this quiz